Entretiens et discours, 1968-1974 /

Saved in:
Bibliographic Details
Main Author: Pompidou, Georges, 1911-1974
Format: Book
Language:French
Published: [Paris] : Plon, 1975.
Subjects:
LEADER 01134nam a2200289 i 4500
001 c000036444
003 CARM
005 00000000000000.0
008 750619s1975 fr 00010afre
015 |a F*** 
019 1 |a 293092  |z 45203379  |5 LACONCORD2021 
020 |c 40.00 (v. 1).  |c 38.00F (v. 2) 
035 |a (OCoLC)1530044  |5 LACONCORD2021 
043 |a e-fr--- 
050 0 0 |a DC421  |b .P65 1975 
100 1 |a Pompidou, Georges,  |d 1911-1974. 
245 0 0 |a Entretiens et discours, 1968-1974 /  |c Georges Pompidou. 
260 |a [Paris] :  |b Plon,  |c 1975. 
300 |a 2 v. ;  |c 20 cm. 
600 1 0 |a Pompidou, Georges,  |d 1911-1974. 
651 0 |a France  |x Politics and government  |y 1969-1974. 
852 8 |b CARM  |h A2:AF19B0  |i B01201  |p 0060563  |f BK 
852 8 |b CARM  |h A2:AF19B0  |i B01201  |p 0060562  |f BK 
082 0 4 |a 944.083/092/4 
999 f f |i aa8dd983-e9c1-57b9-8693-c27890fd386a  |s db71f47b-46a4-57be-af2e-5ae26ef357f6 
952 f f |p Can circulate  |a CAVAL  |b CAVAL  |c CAVAL  |d CARM 1 Store  |e B01201  |f A2:AF19B0  |h Other scheme  |i book  |j t.2 held  |m 0060562 
952 f f |p Can circulate  |a CAVAL  |b CAVAL  |c CAVAL  |d CARM 1 Store  |e B01201  |f A2:AF19B0  |h Other scheme  |i book  |j t.1 held  |m 0060563